| 000 | 00691nam a2200229 i 4500 | ||
|---|---|---|---|
| 001 | 7454 | ||
| 003 | ES-MaACL | ||
| 005 | 20250909210434.0 | ||
| 007 | t| | ||
| 008 | 910121s1985 sp |||| |bspa d | ||
| 020 | _a84-7209-018-3 | ||
| 080 | _a33:929 Mises, Ludwig von | ||
| 100 | 1 |
_aRothbard, Murray N. _999962 |
|
| 245 | 1 | 0 |
_aLo esencial de Ludwig von Mises / _cMurray N. Rothbard ; traducción de Joaquín Reig Albiol. |
| 250 | _aNueva ed. | ||
| 260 |
_aMadrid : _bUnión Editorial, _c1985. |
||
| 300 |
_a48 p. ; _c21 cm. |
||
| 600 | 1 | 4 |
_aVon Mises, Ludwig, _d1881-1973 _9173826 |
| 700 | 1 |
_aReig Albiol, Joaquín. _995998 |
|
| 852 |
_aES-MaACL _j2145-F-1 |
||
| 999 |
_c7454 _d7454 |
||